Statistics for Japanese Prefectures Capitals

Click here to take the quiz!

General Stats

  • This quiz has been taken 275 times
  • The average score is 41 of 47

Answer Stats

PrefectureAnswer% Correct
AomoriAomori
97%
AkitaAkita
96%
ChibaChiba
96%
HokkaidoSapporo
96%
FukuokaFukuoka
95%
KyotoKyoto
95%
OsakaŌsaka
95%
FukushimaFukushima
94%
HiroshimaHiroshima
94%
SaitamaSaitama
94%
TokyoTokyo
94%
FukuiFukui
93%
GifuGifu
93%
KumamotoKumamoto
93%
MiyazakiMiyazaki
93%
NaganoNagano
93%
NagasakiNagasaki
93%
NaraNara
93%
NiigataNiigata
93%
SagaSaga
93%
ŌitaŌita
92%
ShizuokaShizuoka
92%
KagoshimaKagoshima
91%
KōchiKōchi
91%
AichiNagoya
91%
OkayamaOkayama
91%
TottoriTottori
91%
ToyamaToyama
91%
WakayamaWakayama
91%
YamagataYamagata
91%
YamaguchiYamaguchi
91%
TokushimaTokushima
90%
HyōgoKōbe
89%
KanagawaYokohama
87%
OkinawaNaha
86%
MiyagiSendai
81%
MieTsu
75%
IshikawaKanazawa
73%
EhimeMatsuyama
72%
IbarakiMito
69%
ShigaŌtsu
69%
GunmaMaebashi
68%
TochigiUtsunomiya
68%
IwateMorioka
66%
ShimaneMatsue
64%
KagawaTakamatsu
64%
YamanashiKōfu
61%

Score Distribution

Percentile by Number Answered

Percent of People with Each Score

Your Score History

You have not taken this quiz